Agricultural knowledge at a glance / (Record no. 37506)

MARC details
000 -LEADER
fixed length control field 00694nam a22001937a 4500
005 - DATE AND TIME OF LATEST TRANSACTION
control field 20100724112822.0
010 ## - LCCN (DPL NO)
LC control number ENG-96668
020 ## - INTERNATIONAL STANDARD BOOK NUMBER
International Standard Book Number 8189649132
Terms of availability 400.00
035 ## - SYSTEM CONTROL NUMBER
System control number EN-80201
037 ## - SOURCE OF ACQUISITION
Source of stock number/acquisition DBAD/PUB
082 ## - DEWEY DECIMAL CLASSIFICATION NUMBER
Classification number 630.76
245 ## - TITLE STATEMENT
Title Agricultural knowledge at a glance /
Statement of responsibility, etc edited by U.D. Chavan... [et al]
250 ## - EDITION STATEMENT
Edition statement 2nd rev. & enl. ed
260 ## - PUBLICATION, DISTRIBUTION, ETC. (IMPRINT)
Place of publication, distribution, etc Pune
Name of publisher, distributor, etc Sun Publications
Date of publication, distribution, etc 2009
270 ## - ADDRESS
Address 317, Narayan Peth, Opp. Daily Prabhat
City Pune
Postal code 30
300 ## - PHYSICAL DESCRIPTION
Extent 396p.
Dimensions 28cm.
942 ## - ADDED ENTRY ELEMENTS (KOHA)
Source of classification or shelving scheme Dewey Decimal Classification
Item type English Books
Classification part 630.76
Call number suffix AGR
Holdings
Withdrawn status Lost status Not for loan Collection code Home library Current library Date acquired Source of acquisition Cost, normal purchase price Full call number Barcode Copy number Cost, replacement price Koha item type
    Not For Loan Non-fiction D.B.Act.Division D.B.Act.Division 24/07/2010 DBAD/PUB 400.00 630.76 AGR EN-80201 1 400.00 English Books

© Delhi Public Library
Hit Counter
free hit counter